Представление документа в формате RUSMARC

ПолеНазваниеЗначение
  Тип записи a
  Библиографический уровень m
001 Контрольный номер RU/SLIB/B/208746232
005 Дата корректировки 20231206095443.1
010 Индекс ISBN __
d Цена 0-60
101 Язык документа 0_
a Язык текста rus
200 Заглавие и сведения об ответственности 1_
a Заглавие "Колумбы" московского футбола
f Первые сведения об ответственности Горянов Л. Б.
b Общее обозначение материала Текст
210 Выходные данные 1_
a Место издания М.
c Издательство Моск. рабочий
d Дата издания 1983
215 Физическое описание __
a Объем 206 с.
606 Тематические рубрики __
a Основная рубрика Физическая культура и спорт
y Географическая подрубрика Россия; Москва
606 Тематические рубрики __
a Основная рубрика Спортивные игры
610 Ключевые слова 0_
a Ключевые слова футбол; футболисты; персоналии; история футбола; советский футбол; футбольные чемпионаты; футбольные клубы; футбольные команды; футбольные матчи
686 Индексы других классификаций __
a Классификационный индекс 75.578,3; ст75.578
700 Автор _1
a Фамилия Горянов
b Имя Л. Б.
4 Код отношения 070
801 Источник записи _0
a Страна RU
b Организация Муниципальное бюджетное учреждение культуры "Централизованная библиотечная система" г. Сургут (Центральная городская библиотека им. А. С. Пушкина)
g Правила каталогизации КиК/Уланова
801 Источник записи _1
a Страна RU
b Организация Муниципальное бюджетное учреждение культуры "Централизованная библиотечная система" г. Сургут (Центральная городская библиотека им. А. С. Пушкина)
g Правила каталогизации КиК/Уланова
852 Данные о местонахождении __
j Шифр хранения 75.578,3
c Каталожный индекс 75.578
i Авторский знак Г 71
p Инвентарный номер 18156
901 Тип документа __
t Тип документа m
990 Данные о заказе (DOS) __
j Количество экземпляров (DOS) 1
t N записи в КСУ для И/У (DOS) 199101